00771nam a22002057a 4500003000500000005001700005008004100022010001000063011001000073035001000083040000900093100003700102245011200139260004000251300002300291502007500314650003000389650002700419710011900446CHAP20220329135425.0971013s1978 r 00010 d a36224 a37196 a41315 cCHAP00aPallares Ochoa, José Fernando. aDesarrollo y calibración de un modelo matemático para el acuífero del Valle del Yaqui, Sonora, Méx. aChapingo, Méx. :bEl autor,c1978 a112 h.b: gráfs. aTesis (M.C. Esp. en Riego y Drenaje) -- SARH. Colegio de Postgraduados14aAgua subterraneaxSonora.14aModelos matemáticos.0 aMéxico. Secretaría de Agricultura y Recursos Hidráulicos. Colegio de Postgraduados. Rama de Riego y Drenaje.